000 00369nam a2200145Ia 4500
008 191201s2008 xx 000 0 und d
082 _a621.4
_bARC
100 _aArora, S C
245 0 _aCourse in power plant engineering (SI Unit)
250 _aRep
260 _aN.Delhi
_bDhanpat Rai Pubns (P) Ltd
_c2008
300 _aMISC
650 _aB.Tech(ME)
942 _2ddc
_cBK
999 _c4260
_d4260